[Event "19th Bangkok Open 2019"]
[Site "Bangkok"]
[Date "2019.04.12"]
[Round "7.4"]
[White "Duong, The Anh"]
[Black "Zhao, Zong-Yuan"]
[Result "1-0"]
[WhiteElo "2302"]
[BlackElo "2529"]
[Annotator "TA"]
[PlyCount "115"]
[EventDate "2019.04.06"]
[EventType "swiss"]
[EventCountry "THA"]
[SourceTitle "playchess.com"]
[Source "ChessBase"]
[SourceQuality "1"]

{[%evp 19,115,0,0,-8,-13,-18,-26,-26,-18,-12,-13,-17,-21,-29,-8,-21,0,-52,-14,-32,-10,-47,0,0,0,-7,-9,-58,-62,-72,-20,-22,-19,-28,-14,-26,0,0,-15,-16,-12,-18,-18,-38,-37,-39,-33,-32,-19,-44,-26,-45,0,-19,-24,-19,-19,-27,-21,-33,-33,-37,-15,-32,-15,-20,-17,-13,8,11,436,421,427,419,435,383,432,422,499,507,501,482,482,482,500,505,441,382,535,537,524,498,585,573,565,565,559,535]} 1. d4 Nf6 2. Nf3 d5 3. c4 e6 4. Nc3 dxc4 5. e3 a6 6. Bxc4 b5 7. Be2 Bb7 8. O-O Nbd7 9. a3 c5 10. dxc5 Bxc5 11. b4 {D27: Queen's Gambit Accepted: Classical main line: 7 e4!? and 7 a4} Be7 12. Bb2 O-O (12... Rc8 13. Qb3 Qb6 14. Rab1 O-O 15. a4 Bxf3 16. Bxf3 Ne5 17. Be2 Nc4 18. Rbd1 Bd6 {0-1 (33) Bachmann,A (2593)-Mamedyarov,S (2736) Berlin 2015}) 13. Qb3 {Black has an edge.} Bd6 14. Rfd1 Qe7 15. Rac1 Rac8 16. Ba1 $146 ({Predecessor:} 16. Nb1 Bd5 17. Qd3 Bb8 18. Nbd2 Rcd8 {0-1 (62) Alexandrova,O (2400)-Delchev,A (2597) Cappelle-la-Grande 2005}) 16... Rc7 17. Qb1 Nb6 18. Na2 ({White should try} 18. Nd2 $11) 18... Nfd5 19. Rxc7 Bxc7 20. Nc1 {[%cal Ba2c1,Bc1d3,Bd3c5][%mdl 32]} Nc4 (20... Na4 $5 {[%cal Rd5c3]} 21. Na2 Rd8 $15) 21. Nd3 Bb6 22. Qb3 Rc8 23. Bd4 Bxd4 24. exd4 Nf6 ({Black should play} 24... a5 $17 {...a4 is the strong threat.} 25. bxa5 Nxa5 26. Qxb5 Nc3 27. Qxa5 Nxe2+ 28. Kh1 Bxf3 29. gxf3 Qh4) 25. Nc5 $11 Bd5 26. Bxc4 Bxc4 27. Qe3 Qa7 28. Ne5 Bd5 29. Qe1 Ra8 30. Rb1 h6 31. f3 Ne8 32. Ng4 a5 33. Ne3 Nf6 34. Kf2 Qc7 {White must now prevent ...axb4.} 35. Kg1 Qa7 (35... Qf4 {feels hotter.} 36. Qc3 a4 37. Re1 Rd8 38. Nd3 Qd6) 36. bxa5 Qxa5 37. Qxa5 Rxa5 38. Kf2 g5 39. Rb4 Bc6 40. Rb3 Kf8 41. Nd3 Ke7 42. Nb4 Kd6 43. Rc3 Bb7 44. Rc5 {Threatens to win with Nc4+!} Nd7 $2 {[%mdl 8192] [#]} (44... Rxa3 $11 45. Rxb5 Bd5) 45. Nc4+ $1 $18 {[%mdl 512]} bxc4 46. Rxa5 {[%mdl 4096] Endgame KRN-KBN} f5 47. Ke3 h5 48. g3 Nb6 49. Rb5 Kc7 50. Rc5+ Kd6 51. f4 gxf4+ 52. Kxf4 Be4 {[#]} 53. a4 $1 {[%mdl 64] Deflection} Nxa4 (53... e5+ $142 54. Ke3 Nxa4) 54. Rxc4 {White is clearly winning.} Nb6 55. Rc5 Ke7 56. Kg5 Bf3 57. Rc3 Bg4 58. Rc7+ {Accuracy: White = 67%, Black = 45%.} 1-0

[Event "19th Bangkok Open 2019"]
[Site "Bangkok"]
[Date "2019.04.12"]
[Round "7.5"]
[White "Karthik Venkataraman"]
[Black "Sauravh, Khherdekar"]
[Result "1-0"]
[WhiteElo "2505"]
[BlackElo "2247"]
[Annotator "TA"]
[PlyCount "63"]
[EventDate "2019.04.06"]
[EventType "swiss"]
[EventCountry "THA"]
[SourceTitle "playchess.com"]
[Source "ChessBase"]
[SourceQuality "1"]

{[%evp 22,63,72,68,100,93,107,111,95,108,247,234,220,209,265,258,270,268,394,389,492,481,536,533,662,635,582,258,258,258,262,256,255,250,250,254,285,251,239,239,243,250,857,835]} 1. d4 d5 2. c4 e6 3. Nc3 c5 4. cxd5 exd5 5. Nf3 Nc6 6. g3 Nf6 7. Bg2 Be7 8. O-O O-O 9. dxc5 Bxc5 10. a3 d4 {D34: Tarrasch Defence: 6 g3 Nf6 7 Bg2 Be7} 11. Na4 Be7 {[#]} 12. b4 $1 {LiveBook: 4 Games} b5 {White is slightly better.} 13. Nc5 Bxc5 14. bxc5 Bg4 15. Bb2 {[%cal Rf3d4]} Qe7 $146 (15... Bxf3 $16 16. Bxf3 Rc8) ({Predecessor:} 15... Rc8 16. Nxd4 Nxd4 17. Qxd4 Bxe2 18. Rfc1 {1-0 (28) Nielsen,P (2662)-Fish,G (2475) Germany 2012}) 16. Nxd4 $18 Nxd4 17. Qxd4 ({Don't do} 17. Bxd4 Rad8) 17... Rac8 18. c6 Qxe2 19. Rfe1 Qc2 (19... Qc4 {was worth a try.} 20. Qxa7 Rfe8) 20. Rac1 Qb3 21. Re3 Qa2 22. c7 Be6 23. Bb7 Rce8 24. c8=Q (24. a4 $142 Qxa4 25. Qxa4 bxa4 26. Ba3) 24... Rxc8 25. Bxc8 Bxc8 26. Qc5 {[#] White threatens Qxf8+! and mate.} Be6 27. Bxf6 gxf6 28. Qxb5 Rd8 29. Qh5 Kg7 30. Rd1 Rc8 31. Re4 Rc7 $2 (31... Qc2 32. Rh4 Qg6) 32. Rh4 {Accuracy: White = 72%, Black = 31%.} 1-0

[Event "19th Bangkok Open 2019"]
[Site "Bangkok"]
[Date "2019.04.12"]
[Round "7.6"]
[White "Vijayalakshmi, Subbaraman"]
[Black "Ly, Moulthun"]
[Result "1/2-1/2"]
[WhiteElo "2345"]
[BlackElo "2490"]
[Annotator "TA"]
[PlyCount "206"]
[EventDate "2019.04.06"]
[EventType "swiss"]
[EventCountry "THA"]
[SourceTitle "playchess.com"]
[Source "ChessBase"]
[SourceQuality "1"]

{[%evp 17,206,-40,-15,-22,-16,-12,-9,-8,0,-28,0,-28,-8,-29,-25,-21,0,0,0,0,22,0,0,0,0,-1,-7,0,25,6,83,83,78,51,56,12,33,38,53,8,2,16,4,0,0,0,101,11,88,91,75,0,115,116,250,114,140,142,142,81,131,30,74,0,0,0,0,0,0,0,0,0,0,0,0,0,0,0,0,0,0,0,0,0,0,0,0,0,0,0,0,0,0,0,0,0,0,0,0,0,0,0,0,0,0,0,0,0,0,0,0,0,0,0,0,0,0,0,0,0,0,0,0,0,0,0,0,0,0,0,0,0,0,0,0,0,0,0,0,0,8,8,8,8,8,8,8,8,8,10,24,0,24,6,6,6,6,0,0,0,0,0,0,0,0,0,8,0,0,0,0,0,8,0,8,0,0,0,8,8,8,0,0,0,0,0,8,0,8,0,0]} 1. d4 Nf6 2. Nf3 d5 3. Bf4 c5 4. e3 Nc6 5. c3 Qb6 6. Qb3 c4 7. Qc2 Bf5 8. Qc1 e6 9. Nbd2 Be7 10. Be2 {D02: 1 d4 d5 2 Nf3 sidelines, including 2...Nf6 3 g3 and 2...Nf6 3 Bf4} h6 11. b3 cxb3 12. axb3 O-O 13. O-O Rfc8 14. c4 (14. Qb2 a5 15. Ra4 Qd8 16. Rfa1 Ne8 17. h3 {½-½ (51) Yu,Y (2747)-Maze,S (2591) Caleta 2016}) 14... Nb4 $146 ({Predecessor:} 14... a5 15. c5 Qd8 16. Qb2 b6 17. cxb6 Qxb6 {0-1 (29) Salami,R (2116)-Delalande,T (2152) France 2004}) 15. Ne5 Qd8 16. Qb2 Nd7 (16... a5 {is more complex.} 17. h3 b6 18. Rfd1 Bd6 19. Rac1 Ne4) 17. Rfc1 Nxe5 18. Bxe5 Qd7 (18... b6 {seems wilder.} 19. Rc3 a5 20. Nb1 a4 21. bxa4 dxc4 22. Bxc4 Nc2) 19. Bg3 Nd3 20. Bxd3 $1 Bxd3 21. Rc3 Bf5 22. c5 Qb5 23. b4 Bd8 (23... a5 $11) 24. Rca3 $16 a5 25. Qa2 b6 26. Bd6 Bc7 27. Bxc7 Rxc7 28. h3 Rac8 $1 29. bxa5 bxc5 30. dxc5 Rxc5 {[#] Threatens to win with ...Qe2.} 31. Nb3 $36 {[%mdl 2048] White has good play.} R5c7 (31... Rc2 $11 32. Nd4 Rxa2 33. Nxb5 Rxa1+ 34. Rxa1 Bd3) 32. Nd4 (32. a6 $16) 32... Qb8 (32... Rc1+ $11 {remains equal.} 33. Rxc1 Rxc1+ 34. Kh2 Qb8+ 35. f4 Be4) 33. Qd2 Bb1 {( -> ...Rc1+)} 34. g3 (34. f4 $16 Rb7 35. a6) 34... Rb7 (34... Rc1+ $11 35. Kh2 R1c2 36. Nxc2 Rxc2) 35. a6 {[%cal Ba5a6,Ba6a7][%mdl 32]} Rb2 36. Qd1 (36. Qe1 $18 {is the precise move to win.} Bg6 37. a7) 36... Be4 37. a7 Qa8 38. R3a2 ({White should play} 38. Rb3 Bc2 39. Qc1 Rxb3 40. Nxb3) 38... Rb7 39. Kh2 (39. Ra5 $16) 39... e5 $11 {[#]} 40. Nf3 (40. Qg4 $1 $16 {[%cal Rg4c8]} Rcc7 41. Nf5 Bxf5 42. Qxf5) 40... Rcc7 41. Nxe5 {f3 is the strong threat.} Rxa7 42. Rxa7 Rxa7 43. Rxa7 Qxa7 44. Nc6 Qa2 {[%cal Ra2f2]} (44... Qb7 {with more complications.} 45. Nd4 Qb2 46. Qe1 g6 47. Kg1 h5) 45. Qe1 Qb2 46. Nd4 Bd3 47. g4 Be4 48. Kg1 Bg6 49. f3 Bd3 50. Qf2 Qc1+ 51. Kg2 Kh8 52. h4 Kg8 53. h5 Kh8 54. Qg1 Qd2+ 55. Kg3 Qc3 56. Qd1 Qc7+ 57. Kh3 Qc3 58. Kg2 Qb2+ 59. Kg3 Qb8+ 60. Kh3 Bc4 61. Nf5 Kh7 62. Qa1 {[%csl Gf5][%cal Ra1g7]} f6 63. Qd1 Qb2 64. Nd4 Kh8 65. Kg3 Qb8+ 66. Kg2 Qb4 67. Kf2 Qb2+ 68. Qc2 Qa1 69. Kg3 Qe1+ 70. Qf2 Qb4 71. Ne6 Qc3 72. Nf4 Kg8 73. Kh4 Qc1 74. Ng6 Kh7 75. Kg3 Bd3 76. Nf4 Bc4 77. Ng2 (77. Ne6 {is interesting.} Kg8 78. Nd4 Bd3 79. Kg2 Qc3 80. Kh2) 77... Bd3 78. Qe1 Qxe1+ 79. Nxe1 {[%mdl 4096] Endgame KB-KN} Bb1 80. Ng2 g5 81. hxg6+ Bxg6 82. Nf4 Bf7 83. Kh4 Kg7 84. Nh5+ Kg6 85. f4 f5 {The position is equal.} 86. g5 Be6 87. Ng3 hxg5+ 88. fxg5 f4 89. exf4 {Strongly threatening Ne2.} d4 90. Nf1 Kf5 91. Kg3 Ke4 92. Nd2+ Ke3 93. Nf3 d3 94. g6 Bd5 95. g7 Ke4 96. Kg4 {Hoping for Nd2+.} Ke3 97. Kg3 Ke4 98. Nd2+ Kf5 99. Nf1 {aiming for Ne3+.} Kf6 100. Ne3 Bb3 101. Kf2 d2 102. Ke2 d1=R 103. Nxd1 Bxd1+ {Accuracy: White = 51%, Black = 65%.} 1/2-1/2

[Event "19th Bangkok Open 2019"]
[Site "Bangkok"]
[Date "2019.04.12"]
[Round "7.7"]
[White "Swapnil, S. Dhopade"]
[Black "Luong, Phuong Hanh"]
[Result "1-0"]
[WhiteElo "2488"]
[BlackElo "2273"]
[Annotator "TA"]
[PlyCount "85"]
[EventDate "2019.04.06"]
[EventType "swiss"]
[EventCountry "THA"]
[SourceTitle "playchess.com"]
[Source "ChessBase"]
[SourceQuality "1"]

{[%evp 15,85,32,46,26,52,48,68,52,52,50,43,28,79,71,71,68,84,43,84,71,68,83,59,66,108,103,150,56,93,64,223,222,236,214,307,294,298,286,380,360,356,351,376,300,274,237,304,297,271,263,400,352,359,355,412,399,525,516,479,470,749,751,942,937,1881,1720,29989,29990,29990,29989,29989,29990]} 1. Nf3 Nf6 2. g3 g6 3. b3 Bg7 4. Bb2 d6 5. d4 O-O 6. Bg2 e5 7. dxe5 Ng4 8. O-O Nc6 9. Qd2 {A49: 1 d4 Nf6 2 Nf3 g6 3 g3: Anti-King's Indian systems} Ngxe5 10. c4 Bg4 11. Nc3 {White is slightly better.} (11. Nxe5 Nxe5 12. Bd4 Qc8 13. f4 Nc6 14. Bxg7 Kxg7 15. Nc3 Ne7 16. e4 {½-½ (78) Nakamura,H (2793)-Caruana,F (2787) Saint Louis 2015}) 11... Bxf3 12. exf3 Nd4 $1 {[%cal Rd4f3]} 13. Qd1 Nec6 (13... c5 $11 {remains equal.}) 14. f4 $16 Re8 15. Qd2 Qd7 $146 ({Predecessor:} 15... Rb8) 16. Rfe1 Rxe1+ 17. Rxe1 Re8 18. Rxe8+ Qxe8 19. Kf1 h6 20. Nd5 Qd7 21. Qd3 (21. b4 $1 $16) 21... a5 22. a3 {[%cal Ba2a3,Ba3b4,Bb4b5][%mdl 32]} b6 $2 {[#]} (22... f5 $14) 23. b4 $1 $18 {[%cal Rb4b5] b5 is the strong threat.} axb4 24. axb4 {And now b5 would win.} Qf5 {[#]} (24... Ne6 $142) 25. Be4 $1 {[%cal Re4f5]} Qh3+ 26. Kg1 {Strongly threatening b5.} Qh5 27. b5 Ne2+ 28. Kg2 Ncd4 {intending ...f5.} 29. Bxd4 Nxd4 30. Nxc7 Qc5 31. Nd5 f5 32. Bf3 $1 Kh7 (32... Nxf3 {was worth a try.} 33. Kxf3 Qd4) 33. h3 h5 34. Bd1 Kh6 35. g4 h4 36. Be2 Kh7 37. Qe3 Nxe2 (37... Qc8 $142 38. Qe7 Kg8 39. Qxh4 Qe8) 38. Qxe2 fxg4 39. hxg4 Qd4 40. g5 Kh8 41. Qe8+ {White mates.} Kh7 42. Qf7 Kh8 43. Ne7 {Accuracy: White = 70%, Black = 16%.} 1-0

[Event "19th Bangkok Open 2019"]
[Site "Bangkok"]
[Date "2019.04.12"]
[Round "7.8"]
[White "Menkinoski, Riste"]
[Black "Vasquez Schroeder, Rodrigo"]
[Result "0-1"]
[WhiteElo "2306"]
[BlackElo "2487"]
[Annotator "TA"]
[PlyCount "66"]
[EventDate "2019.04.06"]
[EventType "swiss"]
[EventCountry "THA"]
[SourceTitle "playchess.com"]
[Source "ChessBase"]
[SourceQuality "1"]

{[%evp 13,66,15,43,10,15,0,18,16,34,4,73,70,67,67,100,48,57,14,34,-78,-83,-250,0,0,0,0,0,-74,-59,-156,60,-162,-166,-152,-152,-288,-283,-306,-304,-289,-268,-280,-173,-173,-177,-177,-145,-200,-189,-196,-197,-296,-299,-302,-308]} 1. d4 Nf6 2. Nf3 g6 3. g3 Bg7 4. Bg2 O-O 5. O-O d6 6. c4 Nbd7 7. b3 e5 8. dxe5 {E60: King's Indian: Unusual lines and Fianchetto Variation without Nc3} dxe5 9. Bb2 Nh5 (9... e4 10. Nd4 e3 11. f3 h5 12. Nc2 Re8 13. Nc3 c6 14. Qc1 Nf8 15. Rd1 Qe7 16. Rd3 Bh6 {1-0 (34) Jobava,B (2627)-Demchenko,A (2679) St Petersburg 2018}) 10. Nc3 {The position is equal.} Re8 11. Qd2 $146 ({Predecessor:} 11. Qc2 c6 12. Rad1 Qe7 13. Ne4 f5 14. Nd6 Rf8 15. Ba3 c5 16. Qd2 {1-0 (31) Harutjunyan,G (2436)-Savitskiy,S (2365) Minsk 2015}) 11... h6 (11... e4 $11 {keeps the balance.} 12. Ng5 e3) 12. Rad1 $16 e4 13. Nd4 f5 14. g4 (14. f3 $16) 14... fxg4 $14 15. Bxe4 Nf8 16. Ndb5 (16. Bd5+ $14 Kh7 17. e3) 16... Qh4 $1 $17 17. f4 $2 (17. e3 $17) 17... gxf3 $2 (17... c6 $19 18. Nd6 g3 19. hxg3 (19. e3 $2 Bg4 $19) 19... Qxg3+ 20. Bg2 Bh3 $1 {[%mdl 512]}) 18. exf3 $11 Re5 {And now ...Rg5+ would win.} 19. f4 Re7 20. Ba3 (20. Qe1 $11 {remains equal.} Qg4+ 21. Kh1) 20... Rd7 $17 21. Qf2 {[#]} (21. Bd5+ $15 Kh7 22. f5 gxf5 23. Qe1 (23. Bxf8 $2 Bxf8 24. Qf2 Qxf2+ 25. Rxf2 c6 $19) 23... Qxe1 24. Rfxe1 (24. Rdxe1 $2 {perishes.} c6 $19)) 21... Qg4+ $2 ({Black should try} 21... Qxf2+ $1 $17 22. Kxf2 c6 23. Bxf8 Bxf8) 22. Qg2 $2 (22. Kh1 $1 $14) 22... Qxg2+ $19 23. Bxg2 {Rxd7 is the strong threat.} c6 24. Bxf8 (24. Rde1 $17) 24... Kxf8 25. Rxd7 Bxd7 26. f5 gxf5 ({Don't take} 26... cxb5 27. fxg6+ Kg8 28. Bd5+ Kh8 29. Nxb5 $19) 27. Rd1 Ke7 {White must now prevent ...Nf4.} 28. Nd4 Be5 29. Nce2 Rg8 30. Nf3 (30. Kh1 $17) 30... Bd6 31. Kf1 Nf6 32. Re1 (32. Ned4 {was necessary.}) 32... Bb4 33. Rd1 Ng4 {Accuracy: White = 25%, Black = 64%.} 0-1

[Event "19th Bangkok Open 2019"]
[Site "Bangkok"]
[Date "2019.04.12"]
[Round "7.9"]
[White "Kunte, Abhijit"]
[Black "Arpita, Mukherjee"]
[Result "1-0"]
[WhiteElo "2485"]
[BlackElo "2197"]
[Annotator "TA"]
[PlyCount "95"]
[EventDate "2019.04.06"]
[EventType "swiss"]
[EventCountry "THA"]
[SourceTitle "playchess.com"]
[Source "ChessBase"]
[SourceQuality "1"]

{[%evp 9,95,29,35,25,20,16,34,31,32,31,61,38,39,35,87,87,97,56,84,76,94,89,126,132,147,148,142,149,152,139,211,164,195,179,217,207,256,231,276,266,273,272,275,275,282,241,389,235,443,416,458,394,356,266,237,145,129,137,123,118,138,154,177,182,183,168,168,160,193,0,142,141,233,232,404,422,397,450,1099,1096,1275,1235,1283,1273,1348,1190,2602,2498]} 1. Nf3 Nf6 2. d4 g6 3. c4 Bg7 4. g3 b6 5. Bg2 Bb7 6. Qc2 {A50: Queen's Fianchetto Defence (1 d4 Nf6 2 c4 b6)} (6. O-O O-O 7. d5 e6 8. Nc3 Re8 9. Nd4 exd5 10. cxd5 Na6 11. Rb1 Nc5 12. Bf4 Nce4 13. Nxe4 Nxe4 14. Nb5 d6 15. Qc2 Bxd5 16. Qxc7 {1-0 (54) So,W (2765)-Mamedyarov,S (2817) Kolkata 2018}) 6... c5 $146 ({Predecessor:} 6... O-O 7. Nc3 d5 8. Ne5 c5 9. Be3 cxd4 10. Bxd4 Qc8 11. cxd5 Nxd5 12. O-O Nxc3 13. Qxc3 Bxg2 14. Kxg2 Qxc3 15. Bxc3 {½-½ (30) Dreev,A (2652)-Dubov,D (2660) Moscow 2016}) 7. d5 b5 8. O-O {White is slightly better.} bxc4 9. e4 d6 10. Na3 Nbd7 11. Nxc4 Nb6 ({Black should play} 11... O-O $14) 12. Na5 $16 Ba6 13. Rd1 Qc7 14. Bd2 Be2 15. Re1 Bxf3 16. Bxf3 Nfd7 17. Rac1 O-O 18. b4 Rfc8 19. Be2 a6 (19... Re8 $16 20. Bf4 e6) 20. a4 Re8 21. Bf4 Kh8 22. Qa2 e6 23. Nc6 exd5 24. exd5 Ne5 25. bxc5 dxc5 26. Rxc5 Nf3+ 27. Bxf3 Rxe1+ 28. Kg2 Qd7 $2 {[#]} (28... Qc8 {keeps fighting.} 29. d6 Nd7) 29. a5 $18 g5 30. Bxg5 Nc8 31. d6 Nxd6 32. Ne5 Qa7 33. Nd3 {[%cal Be5d3,Bd3f4,Bf4h5][%mdl 1056] White has strong compensation.} Rae8 34. Rd5 R1e6 35. Be3 Qe7 36. Bc5 Qc7 37. Nf4 $36 {[%mdl 2048] Black is under strong pressure.} Rh6 38. Bb6 Qe7 39. Bc5 (39. Qa3 $18) 39... Qc7 $1 $16 40. Nh5 Bc3 (40... Nb5 $16) 41. Qb3 $18 Nb5 $2 {[#]} (41... Be5 {might work better.} 42. Qe3 Rhe6 43. Rxe5 Nc4 44. Rxe6 Nxe3+ 45. Rxe3 Rxe3) 42. Bb6 Rxb6 43. axb6 {[%cal Ba5b6,Bb6b7][%mdl 32]} Qc8 (43... Qxb6 $142 44. Rxb5 {[%mdl 64] Discovered Attack, Remove Defender} Qxb5 45. Qxc3+ Qe5) 44. Rd3 Rf8 45. Qd5 Bb2 46. Qg5 Rg8 47. b7 Qb8 48. Qh4 {Accuracy: White = 92%, Black = 36%.} 1-0

[Event "19th Bangkok Open 2019"]
[Site "Bangkok"]
[Date "2019.04.12"]
[Round "7.10"]
[White "Horvath, Jozsef"]
[Black "Salvador, Louie"]
[Result "0-1"]
[WhiteElo "2479"]
[BlackElo "2270"]
[Annotator "TA RC"]
[PlyCount "101"]
[EventDate "2019.04.06"]
[EventType "swiss"]
[EventCountry "THA"]
[SourceTitle "playchess.com"]
[Source "ChessBase"]
[SourceQuality "1"]

{[%evp 22,101,-18,-66,-46,-52,-63,-45,0,0,16,-27,4,0,0,7,0,0,21,0,14,0,10,-3,52,-34,-32,-48,0,-52,-44,-30,-55,-61,-43,-34,-43,-55,-31,-35,-7,-40,0,0,0,0,0,0,0,0,0,0,0,0,0,-10,89,0,0,0,0,0,0,-21,-29,-12835,-12843,-12832,-11075,-5774,-6749,-5774,-5591,-5615,-5608,-5587,-5600,-5600,-5591,-5097,-4727,-29979]} 1. c4 c6 2. Nf3 d5 3. e3 Nf6 4. Nc3 e6 5. b3 Bd6 6. d4 O-O 7. Bb2 Nbd7 8. Qc2 e5 9. cxd5 {D45: Semi-Slav: 5 e3} (9. Be2 e4 10. Nd2 Re8 11. g4 Nf8 12. h3 Be6 13. O-O-O a6 14. c5 Bc7 15. Rdg1 N6d7 16. h4 b6 17. cxb6 Nxb6 {0-1 (49) Duda,J (2717)-Wang,H (2709) Riadh 2017}) 9... cxd5 10. Nb5 Bb4+ 11. Bc3 Bxc3+ 12. Qxc3 {LiveBook: 6 Games} Ne4 13. Qb2 a6 $1 {[%cal Ra6b5]} 14. Nc3 exd4 $146 ({Black should play} 14... Nxc3 $15 15. Qxc3 e4) ({Predecessor:} 14... Nxc3 15. Qxc3 e4 16. Ng1 Nf6 {0-1 (28) Markos,J (2459)-Braun,A (2429) Pulvermuehle 2004}) 15. Nxd4 $11 Ne5 16. f4 Ng4 {[#] Strongly threatening ...Nef2.} (16... Nxc3 {seems wilder.} 17. Qxc3 Ng4 18. Be2 Qh4+ 19. g3 Qh3) 17. Nxe4 dxe4 18. Qd2 Qh4+ 19. g3 Qh6 20. Be2 Nf6 21. h3 Rd8 22. O-O-O Bd7 (22... g6 $11) 23. Kb2 (23. Qa5 $14) 23... Nd5 $15 24. g4 a5 25. a3 (25. g5 $11 Qd6 26. Bc4) 25... b5 26. Bxb5 Bxb5 27. Nxb5 Qb6 28. Nd4 Rab8 {[%mdl 1024] Black has compensation.} 29. Rh2 Rd7 30. g5 g6 31. h4 Ne7 {White must now prevent ...Rxd4!} 32. Qc2 Qb7 33. Rc1 Nd5 $1 {[%cal Rd5e3]} 34. Qc6 Nxe3 35. Qxb7 Rbxb7 36. Re2 Nf5 37. Nxf5 gxf5 $11 {[%mdl 4096] Endgame KRR-KRR} 38. h5 {Hoping for Rc8+.} f6 (38... h6 $11 {keeps the balance.}) 39. Rc5 (39. gxf6 $16 Rb8 40. Rg2+ Kf8 41. Rc3) 39... Rd3 40. Rxf5 Rbxb3+ {[%mdl 64] [#] Double Attack} 41. Kc1 e3 {[%cal Be4e3,Be3e2][%mdl 32] ...Rdc3+ is the strong threat.} 42. gxf6 Rbc3+ 43. Rc2 $2 {[%mdl 8192]} (43. Kb2 $11) 43... e2 $1 $19 {[%cal Re2e1] Black is clearly winning.} 44. Rg5+ Kf7 45. Rg1 Rxc2+ 46. Kxc2 Rxa3 {KR-KR} 47. Kd2 Ra2+ 48. Ke3 a4 49. Rc1 Rc2 50. Rb1 a3 51. Kd4 {Accuracy: White = 34%, Black = 64%.} 0-1